000 00822nam a2200265 a 4500
001 54791
003 BD-RjUL
005 20211209080153.0
008 161110r19611959e ||||| |||| 00| 0 eng d
035 _a(BD-RjUL) 54913
040 _aBD-RjUL
_beng
_cBD-RjUL
041 _aeng
082 _223
_a526.9
_bCLP
100 1 _aClark, David
_9163335
245 1 0 _aPlane and geodetic surveying for engineers /
_cDavid Clark, Edited by James Clendinning
250 _a5th rev. & enl.ed.
260 _aLondon :
_bConstable and Company,
_cc1951-1958 [ Reprinted 1961]
300 _aV. :
_bill. ;
_c21 cm
500 _aIncludes Index
505 0 _aVol. 1. Plane surveying -- v. 2 Higher Surveying --
650 _aSurveying
_9154323
650 _aGeodesy
_9163336
700 _aClendinning, James
_9163337
942 _2ddc
_cBK
999 _c54791
_d54791